000 00492nam a2200169Ia 4500
005 20250424120323.0
008 250424s9999 xx 000 0 und d
022 _a19861303
050 _aH 8 .T87 S676/
245 0 _aSosyal bilimler dergisi: journal of social sciences
260 _aLefkoşa
260 _bYakın Dogü Universitesi
260 _c2011
300 _a213 p. : ill. ; 24 cm.
650 _aSocial sciences--Turkey--Periodicals. Social sciences--Periodicals.
942 _cSR
999 _c38645
_d38645